[Event "DEM U16 2023"]
[Site "Willingen GER"]
[Date "2023.05.31"]
[Round "6"]
[White "Bashirov, Kemal"]
[Black "von Mettenheim, Johannes"]
[Result "1/2-1/2"]
[Termination "normal"]
[Board "4"]
[WhiteElo "2197"]
[BlackElo "2329"]
[WhiteClock "00:09:34"]
[BlackClock "00:35:59"]
[PlyCount "237"]
[WhiteFideId "14183650"]
[BlackFideId "16244818"]
[EventCountry "GER"]
[EventRounds "9"]
[EventType "swiss"]
[EventDate "2023.05.27"]

1. e4 {[%clk 01:30:59]} c6 {[%clk 01:30:53]} {[%emt 00:00:07]} 2. d4 {[%clk
01:31:26]} {[%emt 00:00:03]} d5 {[%clk 01:31:14]} {[%emt 00:00:09]} 3. Nc3
{[%clk 01:31:53]} {[%emt 00:00:04]} dxe4 {[%clk 01:31:38]} {[%emt 00:00:06]} 4.
Nxe4 {[%clk 01:32:21]} {[%emt 00:00:02]} Nd7 {[%clk 01:31:36]} {[%emt
00:00:32]} 5. Bd3 {[%clk 01:32:03]} {[%emt 00:00:48]} Ngf6 {[%clk 01:31:57]}
{[%emt 00:00:09]} 6. Nxf6+ {[%clk 01:32:29]} {[%emt 00:00:05]} Nxf6 {[%clk
01:32:15]} {[%emt 00:00:10]} 7. Nf3 {[%clk 01:32:57]} {[%emt 00:00:04]} Bg4
{[%clk 01:32:23]} {[%emt 00:00:22]} 8. c3 {[%clk 01:32:52]} {[%emt 00:00:36]}
e6 {[%clk 01:30:54]} {[%emt 00:01:57]} 9. Be2 {[%clk 01:31:38]} {[%emt
00:01:45]} Bd6 {[%clk 01:25:46]} {[%emt 00:05:38]} 10. O-O {[%clk 01:31:39]}
{[%emt 00:00:30]} Qc7 {[%clk 01:24:44]} {[%emt 00:01:31]} 11. h3 {[%clk
01:31:39]} {[%emt 00:00:31]} Bh5 {[%clk 01:25:01]} {[%emt 00:00:13]} 12. a4
{[%clk 01:26:54]} {[%emt 00:05:16]} O-O {[%clk 01:22:58]} {[%emt 00:02:31]} 13.
a5 {[%clk 01:25:49]} {[%emt 00:01:36]} b5 {[%clk 01:16:15]} {[%emt 00:07:14]}
14. Ne5 {[%clk 01:19:47]} {[%emt 00:06:32]} Bxe2 {[%clk 01:11:51]} {[%emt
00:04:53]} 15. Qxe2 {[%clk 01:20:14]} {[%emt 00:00:03]} a6 {[%clk 01:11:31]}
{[%emt 00:00:50]} 16. Nd3 {[%clk 01:14:59]} {[%emt 00:05:45]} Nd5 {[%clk
01:00:57]} {[%emt 00:11:04]} 17. Qg4 {[%clk 01:13:18]} {[%emt 00:02:11]} Rfe8
{[%clk 00:58:19]} {[%emt 00:03:09]} 18. Bd2 {[%clk 01:08:26]} {[%emt 00:05:23]}
c5 {[%clk 00:56:21]} {[%emt 00:02:28]} 19. dxc5 {[%clk 01:01:19]} {[%emt
00:07:37]} Bxc5 {[%clk 00:56:45]} {[%emt 00:00:06]} 20. Rfe1 {[%clk 00:50:20]}
{[%emt 00:11:28]} Rad8 {[%clk 00:52:52]} {[%emt 00:04:23]} 21. Qe2 {[%clk
00:46:22]} {[%emt 00:04:29]} Bd6 {[%clk 00:47:46]} {[%emt 00:05:35]} 22. Nb4
{[%clk 00:39:31]} {[%emt 00:07:21]} Nxb4 {[%clk 00:29:06]} {[%emt 00:19:11]}
23. cxb4 {[%clk 00:39:57]} {[%emt 00:00:03]} Qe7 {[%clk 00:29:09]} {[%emt
00:00:27]} 24. Qe4 {[%clk 00:37:49]} {[%emt 00:02:39]} Bh2+ {[%clk 00:27:47]}
{[%emt 00:01:52]} 25. Kxh2 {[%clk 00:38:13]} {[%emt 00:00:06]} Rxd2 {[%clk
00:28:10]} {[%emt 00:00:06]} 26. Qc6 {[%clk 00:37:29]} {[%emt 00:01:14]} Rd6
{[%clk 00:17:45]} {[%emt 00:10:55]} 27. Qc5 {[%clk 00:36:57]} {[%emt 00:01:02]}
Red8 {[%clk 00:16:46]} {[%emt 00:01:29]} 28. Red1 {[%clk 00:31:48]} {[%emt
00:05:39]} Kf8 {[%clk 00:16:14]} {[%emt 00:01:02]} 29. Rxd6 {[%clk 00:31:14]}
{[%emt 00:01:04]} Qxd6+ {[%clk 00:16:39]} {[%emt 00:00:05]} 30. Qxd6+ {[%clk
00:22:11]} {[%emt 00:09:34]} Rxd6 {[%clk 00:17:00]} {[%emt 00:00:08]} 31. Rc1
{[%clk 00:22:38]} {[%emt 00:00:03]} Ke7 {[%clk 00:12:47]} {[%emt 00:04:43]} 32.
Rc7+ {[%clk 00:22:35]} {[%emt 00:00:33]} Rd7 {[%clk 00:12:32]} {[%emt
00:00:45]} 33. Rc6 {[%clk 00:22:48]} {[%emt 00:00:17]} Rd6 {[%clk 00:12:58]}
{[%emt 00:00:04]} 34. Rc7+ {[%clk 00:23:12]} {[%emt 00:00:06]} Kf6 {[%clk
00:13:23]} {[%emt 00:00:05]} 35. Ra7 {[%clk 00:23:40]} {[%emt 00:00:02]} Rd2
{[%clk 00:08:13]} {[%emt 00:05:40]} 36. Rxa6 {[%clk 00:20:36]} {[%emt
00:03:35]} Rxb2 {[%clk 00:08:37]} {[%emt 00:00:06]} 37. Rb6 {[%clk 00:20:55]}
{[%emt 00:00:11]} Rxb4 {[%clk 00:09:01]} {[%emt 00:00:05]} 38. a6 {[%clk
00:21:21]} {[%emt 00:00:05]} g5 {[%clk 00:07:54]} {[%emt 00:01:36]} 39. a7
{[%clk 00:21:21]} {[%emt 00:00:30]} Ra4 {[%clk 00:08:21]} {[%emt 00:00:04]} 40.
Rxb5 {[%clk 00:21:39]} {[%emt 00:00:12]} Rxa7 {[%clk 00:08:42]} {[%emt
00:00:08]} 41. h4 {[%clk 00:17:55]} {[%emt 00:04:14]} h6 {[%clk 00:09:00]}
{[%emt 00:00:12]} 42. hxg5+ {[%clk 00:18:21]} {[%emt 00:00:04]} hxg5 {[%clk
00:09:28]} {[%emt 00:00:02]} 43. g4 {[%clk 00:16:18]} {[%emt 00:02:33]} Kg6
{[%clk 00:08:30]} {[%emt 00:01:28]} 44. Kg3 {[%clk 00:15:26]} {[%emt 00:01:22]}
f6 {[%clk 00:08:52]} {[%emt 00:00:07]} 45. Rb6 {[%clk 00:14:35]} {[%emt
00:01:21]} Kf7 {[%clk 00:09:17]} {[%emt 00:00:05]} 46. f3 {[%clk 00:13:44]}
{[%emt 00:01:21]} Ke7 {[%clk 00:09:40]} {[%emt 00:00:06]} 47. Rc6 {[%clk
00:13:54]} {[%emt 00:00:19]} Kd7 {[%clk 00:09:57]} {[%emt 00:00:15]} 48. Rb6
{[%clk 00:14:12]} {[%emt 00:00:12]} Ra5 {[%clk 00:09:46]} {[%emt 00:00:40]} 49.
Kf2 {[%clk 00:13:45]} {[%emt 00:00:57]} Rc5 {[%clk 00:10:01]} {[%emt 00:00:16]}
50. Ke3 {[%clk 00:11:26]} {[%emt 00:02:49]} Rc6 {[%clk 00:09:48]} {[%emt
00:00:42]} 51. Rb3 {[%clk 00:11:44]} {[%emt 00:00:13]} Ra6 {[%clk 00:09:20]}
{[%emt 00:00:58]} 52. Rd3+ {[%clk 00:10:46]} {[%emt 00:01:28]} Rd6 {[%clk
00:08:14]} {[%emt 00:01:36]} 53. Rc3 {[%clk 00:11:10]} {[%emt 00:00:06]} Rd1
{[%clk 00:08:16]} {[%emt 00:00:26]} 54. Ra3 {[%clk 00:10:03]} {[%emt 00:01:39]}
Kd6 {[%clk 00:08:14]} {[%emt 00:00:29]} 55. Ra6+ {[%clk 00:09:22]} {[%emt
00:01:14]} Ke5 {[%clk 00:08:37]} {[%emt 00:00:07]} 56. Ra5+ {[%clk 00:09:48]}
{[%emt 00:00:04]} Rd5 {[%clk 00:09:00]} {[%emt 00:00:07]} 57. Ra3 {[%clk
00:08:22]} {[%emt 00:01:57]} Rc5 {[%clk 00:09:00]} {[%emt 00:00:29]} 58. Rb3
{[%clk 00:08:02]} {[%emt 00:00:49]} Kd6 {[%clk 00:08:41]} {[%emt 00:00:49]} 59.
Kd4 {[%clk 00:07:05]} {[%emt 00:01:27]} Rd5+ {[%clk 00:06:59]} {[%emt
00:02:13]} 60. Ke4 {[%clk 00:07:02]} {[%emt 00:00:32]} Re5+ {[%clk 00:07:16]}
{[%emt 00:00:14]} 61. Kd4 {[%clk 00:07:02]} {[%emt 00:00:30]} Re1 {[%clk
00:07:15]} {[%emt 00:00:29]} 62. Rb6+ {[%clk 00:06:47]} {[%emt 00:00:47]} Ke7
{[%clk 00:07:27]} {[%emt 00:00:18]} 63. Rb7+ {[%clk 00:06:31]} {[%emt
00:00:46]} Kf8 {[%clk 00:04:44]} {[%emt 00:03:12]} 64. Ra7 {[%clk 00:04:08]}
{[%emt 00:02:53]} e5+ {[%clk 00:28:39]} {[%emt 00:06:35]} 65. Kd3 {[%clk
00:33:07]} {[%emt 00:01:31]} Rd1+ {[%clk 00:28:23]} {[%emt 00:00:46]} 66. Ke3
{[%clk 00:30:36]} {[%emt 00:03:01]} Ke8 {[%clk 00:28:20]} {[%emt 00:00:33]} 67.
Rb7 {[%clk 00:25:31]} {[%emt 00:05:34]} Rd4 {[%clk 00:28:44]} {[%emt 00:00:06]}
68. Kf2 {[%clk 00:21:59]} {[%emt 00:04:02]} Rd7 {[%clk 00:29:10]} {[%emt
00:00:05]} 69. Rb4 {[%clk 00:21:36]} {[%emt 00:00:53]} Ke7 {[%clk 00:29:25]}
{[%emt 00:00:15]} 70. Ke3 {[%clk 00:21:12]} {[%emt 00:00:54]} Rd1 {[%clk
00:29:25]} {[%emt 00:00:30]} 71. Rb7+ {[%clk 00:21:14]} {[%emt 00:00:28]} Ke6
{[%clk 00:29:50]} {[%emt 00:00:06]} 72. Rb6+ {[%clk 00:21:14]} {[%emt
00:00:29]} Kf7 {[%clk 00:30:15]} {[%emt 00:00:04]} 73. Rb7+ {[%clk 00:21:10]}
{[%emt 00:00:35]} Kg6 {[%clk 00:30:40]} {[%emt 00:00:04]} 74. Rb4 {[%clk
00:21:29]} {[%emt 00:00:11]} Ra1 {[%clk 00:30:53]} {[%emt 00:00:18]} 75. Ke2
{[%clk 00:21:01]} {[%emt 00:00:57]} Ra2+ {[%clk 00:31:15]} {[%emt 00:00:08]}
76. Ke3 {[%clk 00:21:10]} {[%emt 00:00:21]} Rc2 {[%clk 00:31:28]} {[%emt
00:00:17]} 77. Ra4 {[%clk 00:21:06]} {[%emt 00:00:34]} Rb2 {[%clk 00:31:47]}
{[%emt 00:00:10]} 78. Rc4 {[%clk 00:20:50]} {[%emt 00:00:47]} Kf7 {[%clk
00:32:08]} {[%emt 00:00:09]} 79. Ra4 {[%clk 00:20:31]} {[%emt 00:00:49]} Rb3+
{[%clk 00:32:31]} {[%emt 00:00:06]} 80. Ke2 {[%clk 00:20:03]} {[%emt 00:00:58]}
Rc3 {[%clk 00:32:57]} {[%emt 00:00:06]} 81. Ra7+ {[%clk 00:19:11]} {[%emt
00:01:22]} Ke6 {[%clk 00:33:21]} {[%emt 00:00:05]} 82. Ra6+ {[%clk 00:18:56]}
{[%emt 00:00:44]} Ke7 {[%clk 00:33:47]} {[%emt 00:00:04]} 83. Ra7+ {[%clk
00:17:30]} {[%emt 00:01:57]} Kd6 {[%clk 00:34:10]} {[%emt 00:00:08]} 84. Ra6+
{[%clk 00:17:25]} {[%emt 00:00:34]} Rc6 {[%clk 00:34:32]} {[%emt 00:00:08]} 85.
Ra4 {[%clk 00:16:46]} {[%emt 00:01:09]} Kd5 {[%clk 00:34:50]} {[%emt 00:00:12]}
86. Kd3 {[%clk 00:16:55]} {[%emt 00:00:21]} Kc5 {[%clk 00:34:41]} {[%emt
00:00:39]} 87. Ra8 {[%clk 00:15:23]} {[%emt 00:02:03]} Rb6 {[%clk 00:34:36]}
{[%emt 00:00:35]} 88. Ra5+ {[%clk 00:14:17]} {[%emt 00:01:32]} Kd6 {[%clk
00:31:40]} {[%emt 00:03:30]} 89. Ra4 {[%clk 00:14:33]} {[%emt 00:00:14]} Kc5
{[%clk 00:31:59]} {[%emt 00:00:11]} 90. Ra5+ {[%clk 00:14:49]} {[%emt
00:00:14]} Kb4 {[%clk 00:32:19]} {[%emt 00:00:09]} 91. Ra8 {[%clk 00:14:35]}
{[%emt 00:00:44]} Kb3 {[%clk 00:31:55]} {[%emt 00:00:54]} 92. Ke3 {[%clk
00:11:24]} {[%emt 00:03:41]} Kc2 {[%clk 00:31:29]} {[%emt 00:00:56]} 93. Ra2+
{[%clk 00:10:25]} {[%emt 00:01:30]} Kc3 {[%clk 00:31:04]} {[%emt 00:00:55]} 94.
Ra8 {[%clk 00:10:31]} {[%emt 00:00:24]} Rc6 {[%clk 00:31:04]} {[%emt 00:00:28]}
95. Rb8 {[%clk 00:09:25]} {[%emt 00:01:36]} Kc2 {[%clk 00:30:44]} {[%emt
00:00:50]} 96. Rd8 {[%clk 00:09:13]} {[%emt 00:00:42]} Rc4 {[%clk 00:30:55]}
{[%emt 00:00:19]} 97. Rd6 {[%clk 00:06:15]} {[%emt 00:03:30]} Rf4 {[%clk
00:31:10]} {[%emt 00:00:14]} 98. Ra6 {[%clk 00:05:11]} {[%emt 00:01:35]} Kc3
{[%clk 00:31:06]} {[%emt 00:00:31]} 99. Rc6+ {[%clk 00:04:31]} {[%emt
00:01:13]} Kb4 {[%clk 00:31:30]} {[%emt 00:00:06]} 100. Rb6+ {[%clk 00:04:34]}
{[%emt 00:00:28]} Kc5 {[%clk 00:31:48]} {[%emt 00:00:11]} 101. Ra6 {[%clk
00:04:52]} {[%emt 00:00:12]} Kc4 {[%clk 00:31:50]} {[%emt 00:00:28]} 102. Ra4+
{[%clk 00:04:37]} {[%emt 00:00:45]} Kd5 {[%clk 00:32:12]} {[%emt 00:00:07]}
103. Ra5+ {[%clk 00:04:57]} {[%emt 00:00:10]} Ke6 {[%clk 00:32:34]} {[%emt
00:00:08]} 104. Ra6+ {[%clk 00:05:21]} {[%emt 00:00:07]} Kf7 {[%clk 00:33:00]}
{[%emt 00:00:04]} 105. Ra7+ {[%clk 00:05:35]} {[%emt 00:00:15]} Kg6 {[%clk
00:33:22]} {[%emt 00:00:08]} 106. Ra6 {[%clk 00:06:00]} {[%emt 00:00:06]} Rd4
{[%clk 00:32:01]} {[%emt 00:01:51]} 107. Rb6 {[%clk 00:05:37]} {[%emt
00:00:53]} Kf7 {[%clk 00:32:22]} {[%emt 00:00:09]} 108. Rb7+ {[%clk 00:05:47]}
{[%emt 00:00:21]} Ke6 {[%clk 00:32:47]} {[%emt 00:00:05]} 109. Rb6+ {[%clk
00:06:13]} {[%emt 00:00:04]} Rd6 {[%clk 00:33:09]} {[%emt 00:00:08]} 110. Rb4
{[%clk 00:06:30]} {[%emt 00:00:13]} f5 {[%clk 00:33:29]} {[%emt 00:00:10]} 111.
gxf5+ {[%clk 00:06:42]} {[%emt 00:00:18]} Kxf5 {[%clk 00:33:51]} {[%emt
00:00:07]} 112. Rb8 {[%clk 00:07:01]} {[%emt 00:00:11]} Rf6 {[%clk 00:33:45]}
{[%emt 00:00:37]} 113. Rg8 {[%clk 00:07:05]} {[%emt 00:00:26]} Rf7 {[%clk
00:34:11]} {[%emt 00:00:04]} 114. Ra8 {[%clk 00:07:19]} {[%emt 00:00:16]} g4
{[%clk 00:34:28]} {[%emt 00:00:14]} 115. fxg4+ {[%clk 00:07:46]} {[%emt
00:00:03]} Kxg4 {[%clk 00:34:51]} {[%emt 00:00:07]} 116. Ke4 {[%clk 00:08:14]}
{[%emt 00:00:02]} Re7 {[%clk 00:35:10]} {[%emt 00:00:11]} 117. Ra5 {[%clk
00:08:40]} {[%emt 00:00:04]} Kg5 {[%clk 00:35:35]} {[%emt 00:00:05]} 118. Rxe5+
{[%clk 00:09:06]} {[%emt 00:00:03]} Rxe5+ {[%clk 00:35:59]} {[%emt 00:00:07]}
119. Kxe5 {[%clk 00:09:34]} {[%emt 00:00:02]} 1/2-1/2

[Event "DEM U16 2023"]
[Site "Willingen GER"]
[Date "2023.05.31"]
[Round "6"]
[White "Metzdorf, Matteo"]
[Black "Möller, Maurin"]
[Result "1/2-1/2"]
[Termination "normal"]
[Board "5"]
[WhiteElo "2099"]
[BlackElo "2140"]
[WhiteClock "00:00:53"]
[BlackClock "00:07:29"]
[PlyCount "118"]
[WhiteFideId "16209869"]
[BlackFideId "16265696"]
[EventCountry "GER"]
[EventRounds "9"]
[EventType "swiss"]
[EventDate "2023.05.27"]

1. e4 {[%clk 01:30:56]} {[%emt 00:00:04]} c5 {[%clk 01:30:54]} {[%emt
00:00:07]} 2. Nf3 {[%clk 01:31:09]} {[%emt 00:00:16]} Nc6 {[%clk 01:31:17]}
{[%emt 00:00:07]} 3. d4 {[%clk 01:31:22]} {[%emt 00:00:18]} cxd4 {[%clk
01:31:42]} {[%emt 00:00:05]} 4. Nxd4 {[%clk 01:31:44]} {[%emt 00:00:08]} Nf6
{[%clk 01:32:07]} {[%emt 00:00:05]} 5. Nc3 {[%clk 01:31:43]} {[%emt 00:00:31]}
e6 {[%clk 01:32:30]} {[%emt 00:00:07]} 6. Ndb5 {[%clk 01:31:03]} {[%emt
00:01:10]} Bb4 {[%clk 01:32:51]} {[%emt 00:00:09]} 7. a3 {[%clk 01:30:21]}
{[%emt 00:01:12]} Bxc3+ {[%clk 01:33:16]} {[%emt 00:00:05]} 8. Nxc3 {[%clk
01:30:35]} {[%emt 00:00:17]} d5 {[%clk 01:33:38]} {[%emt 00:00:08]} 9. exd5
{[%clk 01:30:09]} {[%emt 00:00:56]} exd5 {[%clk 01:33:57]} {[%emt 00:00:10]}
10. Bd3 {[%clk 01:29:21]} {[%emt 00:01:18]} O-O {[%clk 01:34:12]} {[%emt
00:00:15]} 11. O-O {[%clk 01:27:28]} {[%emt 00:02:23]} Bg4 {[%clk 01:34:00]}
{[%emt 00:00:42]} 12. f3 {[%clk 01:13:10]} {[%emt 00:14:47]} Bh5 {[%clk
01:34:09]} {[%emt 00:00:21]} 13. Bg5 {[%clk 01:11:58]} {[%emt 00:01:42]} Qb6+
{[%clk 01:34:20]} {[%emt 00:00:20]} 14. Kh1 {[%clk 01:10:05]} {[%emt 00:02:22]}
Ne4 {[%clk 01:34:25]} {[%emt 00:00:25]} 15. Nxe4 {[%clk 00:59:53]} {[%emt
00:10:42]} dxe4 {[%clk 01:34:50]} {[%emt 00:00:06]} 16. Bxe4 {[%clk 00:59:18]}
{[%emt 00:01:05]} Qxb2 {[%clk 01:35:15]} {[%emt 00:00:06]} 17. Qb1 {[%clk
00:40:06]} {[%emt 00:19:42]} Qxb1 {[%clk 00:57:22]} {[%emt 00:38:23]} 18. Raxb1
{[%clk 00:35:16]} {[%emt 00:05:20]} Bg6 {[%clk 00:56:39]} {[%emt 00:01:13]} 19.
Bxg6 {[%clk 00:29:06]} {[%emt 00:06:40]} hxg6 {[%clk 00:56:51]} {[%emt
00:00:18]} 20. Rxb7 {[%clk 00:29:07]} {[%emt 00:00:30]} Nd8 {[%clk 00:41:58]}
{[%emt 00:15:23]} 21. Rd7 {[%clk 00:22:05]} {[%emt 00:07:31]} Ne6 {[%clk
00:41:09]} {[%emt 00:01:20]} 22. Be3 {[%clk 00:21:02]} {[%emt 00:01:33]} Rfc8
{[%clk 00:39:19]} {[%emt 00:02:20]} 23. Rxa7 {[%clk 00:11:27]} {[%emt
00:10:04]} Rxa7 {[%clk 00:39:04]} {[%emt 00:00:45]} 24. Bxa7 {[%clk 00:11:55]}
{[%emt 00:00:02]} Ra8 {[%clk 00:38:24]} {[%emt 00:01:10]} 25. Be3 {[%clk
00:08:19]} {[%emt 00:04:07]} Rxa3 {[%clk 00:38:43]} {[%emt 00:00:11]} 26. Re1
{[%clk 00:08:30]} {[%emt 00:00:19]} Kf8 {[%clk 00:36:19]} {[%emt 00:02:54]} 27.
Kg1 {[%clk 00:08:03]} {[%emt 00:00:57]} Ra2 {[%clk 00:36:07]} {[%emt 00:00:41]}
28. Re2 {[%clk 00:07:14]} {[%emt 00:01:19]} Ke7 {[%clk 00:33:35]} {[%emt
00:03:03]} 29. Kf2 {[%clk 00:07:23]} {[%emt 00:00:21]} Ra4 {[%clk 00:33:02]}
{[%emt 00:01:03]} 30. c3 {[%clk 00:05:27]} {[%emt 00:02:27]} Kd6 {[%clk
00:33:06]} {[%emt 00:00:26]} 31. Rd2+ {[%clk 00:05:03]} {[%emt 00:00:53]} Kc6
{[%clk 00:31:56]} {[%emt 00:01:40]} 32. h3 {[%clk 00:04:29]} {[%emt 00:01:04]}
g5 {[%clk 00:19:46]} {[%emt 00:12:40]} 33. Ke2 {[%clk 00:03:04]} {[%emt
00:01:55]} f6 {[%clk 00:17:07]} {[%emt 00:03:09]} 34. Kd3 {[%clk 00:02:49]}
{[%emt 00:00:45]} Nf8 {[%clk 00:10:34]} {[%emt 00:07:02]} 35. Rb2 {[%clk
00:01:53]} {[%emt 00:01:26]} Nd7 {[%clk 00:10:58]} {[%emt 00:00:06]} 36. Bd4
{[%clk 00:01:59]} {[%emt 00:00:24]} Kd5 {[%clk 00:10:31]} {[%emt 00:00:57]} 37.
Rb5+ {[%clk 00:01:52]} {[%emt 00:00:38]} Kc6 {[%clk 00:10:55]} {[%emt
00:00:05]} 38. Rb2 {[%clk 00:02:06]} {[%emt 00:00:16]} g6 {[%clk 00:10:14]}
{[%emt 00:01:11]} 39. Re2 {[%clk 00:01:11]} {[%emt 00:01:24]} Kd6 {[%clk
00:09:14]} {[%emt 00:01:31]} 40. g3 {[%clk 00:00:46]} {[%emt 00:00:55]} Ra8
{[%clk 00:06:58]} {[%emt 00:02:46]} 41. h4 {[%clk 00:15:10]} {[%emt 00:16:07]}
gxh4 {[%clk 00:36:35]} {[%emt 00:00:52]} 42. gxh4 {[%clk 00:15:39]} {[%emt
00:00:02]} Rh8 {[%clk 00:35:37]} {[%emt 00:01:28]} 43. Re4 {[%clk 00:11:09]}
{[%emt 00:04:59]} Rh5 {[%clk 00:29:25]} {[%emt 00:06:41]} 44. Rg4 {[%clk
00:10:19]} {[%emt 00:01:21]} Ke6 {[%clk 00:29:19]} {[%emt 00:00:36]} 45. Rxg6
{[%clk 00:08:10]} {[%emt 00:02:39]} Rxh4 {[%clk 00:29:43]} {[%emt 00:00:06]}
46. Rg4 {[%clk 00:05:45]} {[%emt 00:02:55]} Rh3 {[%clk 00:29:28]} {[%emt
00:00:44]} 47. Re4+ {[%clk 00:05:25]} {[%emt 00:00:50]} Kd5 {[%clk 00:29:10]}
{[%emt 00:00:48]} 48. c4+ {[%clk 00:05:19]} {[%emt 00:00:37]} Kd6 {[%clk
00:29:31]} {[%emt 00:00:08]} 49. Rf4 {[%clk 00:04:46]} {[%emt 00:01:03]} Ke6
{[%clk 00:29:29]} {[%emt 00:00:32]} 50. Re4+ {[%clk 00:04:39]} {[%emt
00:00:36]} Kd6 {[%clk 00:29:18]} {[%emt 00:00:42]} 51. Rf4 {[%clk 00:04:10]}
{[%emt 00:00:58]} Ke6 {[%clk 00:28:48]} {[%emt 00:01:01]} 52. c5 {[%clk
00:03:09]} {[%emt 00:01:32]} Kd5 {[%clk 00:11:01]} {[%emt 00:18:16]} 53. Rf5+
{[%clk 00:02:09]} {[%emt 00:01:30]} Ne5+ {[%clk 00:10:59]} {[%emt 00:00:31]}
54. Bxe5 {[%clk 00:00:55]} {[%emt 00:01:45]} fxe5 {[%clk 00:11:22]} {[%emt
00:00:07]} 55. Ke3 {[%clk 00:00:53]} {[%emt 00:00:32]} Rh6 {[%clk 00:09:14]}
{[%emt 00:02:38]} 56. f4 {[%clk 00:00:50]} {[%emt 00:00:33]} Re6 {[%clk
00:08:37]} {[%emt 00:01:08]} 57. Kf3 {[%clk 00:00:42]} {[%emt 00:00:38]} Kd4
{[%clk 00:06:45]} {[%emt 00:02:21]} 58. fxe5 {[%clk 00:00:45]} {[%emt
00:00:28]} Rxe5 {[%clk 00:07:00]} {[%emt 00:00:15]} 59. Rxe5 {[%clk 00:00:53]}
{[%emt 00:00:21]} Kxe5 {[%clk 00:07:29]} {[%emt 00:00:02]} 1/2-1/2

[Event "DEM U16 2023"]
[Site "Willingen GER"]
[Date "2023.05.31"]
[Round "6"]
[White "Zhou, Lepu Coco"]
[Black "Prieb, Robert"]
[Result "1/2-1/2"]
[Termination "normal"]
[Board "6"]
[BlackTitle "CM"]
[WhiteElo "2001"]
[BlackElo "2113"]
[WhiteClock "00:48:46"]
[BlackClock "01:04:05"]
[PlyCount "52"]
[WhiteFideId "16217136"]
[BlackFideId "16212002"]
[EventCountry "GER"]
[EventRounds "9"]
[EventType "swiss"]
[EventDate "2023.05.27"]

1. e4 {[%clk 01:30:57]} {[%emt 00:00:02]} c5 {[%clk 01:30:51]} {[%emt
00:00:09]} 2. Nf3 {[%clk 01:31:21]} {[%emt 00:00:06]} d6 {[%clk 01:31:13]}
{[%emt 00:00:09]} 3. Bb5+ {[%clk 01:31:35]} {[%emt 00:00:17]} Nd7 {[%clk
01:31:23]} {[%emt 00:00:20]} 4. c4 {[%clk 01:29:24]} {[%emt 00:02:41]} Ngf6
{[%clk 01:31:15]} {[%emt 00:00:37]} 5. Nc3 {[%clk 01:29:29]} {[%emt 00:00:25]}
g6 {[%clk 01:31:10]} {[%emt 00:00:35]} 6. O-O {[%clk 01:27:20]} {[%emt
00:02:39]} Bg7 {[%clk 01:31:17]} {[%emt 00:00:23]} 7. d3 {[%clk 01:25:30]}
{[%emt 00:02:21]} O-O {[%clk 01:31:17]} {[%emt 00:00:29]} 8. Ba4 {[%clk
01:25:13]} {[%emt 00:00:48]} Nb6 {[%clk 01:30:53]} {[%emt 00:00:53]} 9. Bc2
{[%clk 01:25:24]} {[%emt 00:00:19]} Bg4 {[%clk 01:30:38]} {[%emt 00:00:45]} 10.
h3 {[%clk 01:24:07]} {[%emt 00:01:47]} Bxf3 {[%clk 01:30:44]} {[%emt 00:00:24]}
11. Qxf3 {[%clk 01:24:25]} {[%emt 00:00:12]} Nbd7 {[%clk 01:29:39]} {[%emt
00:01:35]} 12. Qd1 {[%clk 01:15:17]} {[%emt 00:09:37]} Ne5 {[%clk 01:27:50]}
{[%emt 00:02:19]} 13. Ne2 {[%clk 01:12:57]} {[%emt 00:02:51]} Nc6 {[%clk
01:27:04]} {[%emt 00:01:16]} 14. d4 {[%clk 01:08:31]} {[%emt 00:04:56]} cxd4
{[%clk 01:25:02]} {[%emt 00:02:31]} 15. Nxd4 {[%clk 01:08:49]} {[%emt
00:00:12]} Nd7 {[%clk 01:23:42]} {[%emt 00:01:50]} 16. Nxc6 {[%clk 01:05:13]}
{[%emt 00:04:07]} bxc6 {[%clk 01:23:53]} {[%emt 00:00:18]} 17. Rb1 {[%clk
01:04:34]} {[%emt 00:01:09]} Ne5 {[%clk 01:18:50]} {[%emt 00:05:32]} 18. Qe2
{[%clk 01:02:42]} {[%emt 00:02:22]} c5 {[%clk 01:17:32]} {[%emt 00:01:48]} 19.
Ba4 {[%clk 01:00:03]} {[%emt 00:03:09]} Qc7 {[%clk 01:12:15]} {[%emt 00:05:47]}
20. b3 {[%clk 00:54:59]} {[%emt 00:05:34]} Nc6 {[%clk 01:10:02]} {[%emt
00:02:43]} 21. Bxc6 {[%clk 00:55:09]} {[%emt 00:00:21]} Qxc6 {[%clk 01:10:21]}
{[%emt 00:00:10]} 22. Bb2 {[%clk 00:55:04]} {[%emt 00:00:35]} Bxb2 {[%clk
01:08:56]} {[%emt 00:01:56]} 23. Rxb2 {[%clk 00:55:23]} {[%emt 00:00:11]} a5
{[%clk 01:08:55]} {[%emt 00:00:31]} 24. e5 {[%clk 00:52:22]} {[%emt 00:03:32]}
a4 {[%clk 01:05:07]} {[%emt 00:04:18]} 25. exd6 {[%clk 00:49:14]} {[%emt
00:03:38]} exd6 {[%clk 01:05:21]} {[%emt 00:00:15]} 26. Rd1 {[%clk 00:48:46]}
{[%emt 00:00:58]} axb3 {[%clk 01:04:05]} {[%emt 00:01:46]} 1/2-1/2